000 01057nas a2200277Ia 4500
001 R142/E6607
003 IT-RoPAU
008 151124c99999999xx |||||||||||| ||und||
040 _aIT-RoPAU
040 _cIT-RoPAU
041 _aFRANCESE
100 _aCalogirou Claire
_gCodice Aut. SPICS: 48954
210 _aRESEAUX
222 _aReseaux
245 _aRESEAUX, N.082/083 (MARZO/GIUGNO 1997)
_bUsages Sociaux Du Telephone Dans Les Familles D'Origine Immigree (Les)
250 _a1a ed.
260 _aPARIS
_bCNET
_c1997
501 _bPaulus - SPICS - Società San Paolo EM (non-commercial uses only)
_cCopyright2015
300 _a17 p. [187-203]
362 _aN.082/083 (MARZO/GIUGNO 1997)
500 _aUsi Sociali del Telefono Nelle Famiglie Immigrate. Linguaggi e Comunicazioni. Oggetto e Suoi Limiti. Solidarietà dei Vicini. Organizzazione Familiare. Rispetto e Strategie. Solidarietà Familiare.
650 _aCOMUNICAZIONE
_vPUBBLICAZIONE PERIODICA
700 _aAndre' Nathalie
700 _gCodice Aut. SPICS: 48955
942 _cCR
999 _c194202
_d194202